00389nam a2200109 a 450000100100000000500170001000800410002704000250006824500860009326000730017930000270025200004547120201002052253.0150407s1997 dr a 000 0 spa d aDO-SdBNPbspacBNPHU00aI Encuentro internacional grabado :ben pequeño formato República Dominicana. aSanto Domingo :bFundación de Arte Contemporáneo Nouveau,c1997. a55 p. :bil. ;c21 cm.